000 nam a22 7a 4500
999 _c8277
_d8277
008 171213b xxu||||| |||| 00| 0 eng d
100 _aCarroll.L.
_94698
245 _aAlice in Wonderland
260 _aLondon
_c1992